Bear Ghost - Vulture Lyrics - Statistics

General Stats
  • This quiz has been taken 6 times
  • The average score is 123 of 227
Answer Stats
Answers % Correct
crown
100%
with
100%
you
100%
your
100%
a
67%
again
67%
all
67%
and
67%
are
67%
be
67%
bend
67%
black
67%
burn
67%
child
67%
could
67%
Dazzle
67%
die
67%
dignity
67%
earth
67%
everything
67%
feed
67%
for
67%
from
67%
fuck
67%
fucking
67%
gospel
67%
gowns
67%
I
67%
if
67%
I'm
67%
in
67%
it
67%
just
67%
knees
67%
my
67%
nail
67%
name
67%
our
67%
paint
67%
peace?
67%
reign
67%
righteous
67%
show
67%
so
67%
souls
67%
still
67%
take
67%
taken
67%
tell
67%
the
67%
them
67%
they
67%
thy
67%
tired
67%
to
67%
watch
67%
we
67%
white
67%
who
67%
world
67%
worship
67%
you're
67%
you've
67%
abandon
33%
above
33%
after
33%
bathe
33%
bestow
33%
bones
33%
bound
33%
burdened
33%
by
33%
control
33%
dangling
33%
entire
33%
extort
33%
flames
33%
God
33%
hallelu-
33%
hallelujah
33%
how
33%
justice
33%
knows
33%
lit
33%
loyalty
33%
lust
33%
me
33%
mercy
33%
only
33%
praise
33%
prayers
33%
renown
33%
robes
33%
savior's
33%
senses
33%
soiled
33%
stupid
33%
swords
33%
their
33%
thin
33%
think
33%
time
33%
unlike
33%
veins
33%
vulture
33%
whole
33%
you'll
33%
crude
0%
deserve
0%
eat
0%
ego
0%
flooding
0%
gaslamp
0%
goes
0%
grace
0%
hand
0%
heeds
0%
herds
0%
hive
0%
holy
0%
love
0%
musings
0%
pious
0%
prove
0%
score
0%
skin
0%
that
0%
throes
0%
vengeance
0%
words
0%
No matching quizzes found
Score Distribution
Percent of People with Each Score
Percentile by Number Answered
Your Score History
You have not taken this quiz